[Event "POL-chT U19 2nd League"]
[Site "Chelm Lubelski"]
[Date "2010.07.13"]
[Round "10"]
[White "Posuniak, Kacper"]
[Black "Kois, Przemyslaw"]
[Result "1-0"]
[WhiteElo "1786"]
[BlackElo "1703"]
[PlyCount "71"]
[EventDate "2010.07.06"]
[EventType "team-tourn"]
[EventRounds "11"]
[EventCountry "POL"]
[SourceTitle "EXT 2011"]
[Source "ChessBase"]
[SourceDate "2010.11.26"]
[SourceVersion "1"]
[SourceVersionDate "2010.11.26"]
[SourceQuality "1"]
[WhiteTeam "Radom UKS MDK U19"]
[BlackTeam "Krosno KKSz Urania U19"]
[WhiteTeamCountry "POL"]
[BlackTeamCountry "POL"]

1. d4 d6 2. c4 Nd7 3. e4 e5 4. Nf3 g6 5. dxe5 dxe5 6. Nc3 Bg7 7. Be2 c6 8. b3 Ne7 9. 0-0 0-0 10. Qc2 f5 11. Ba3 f4 12. Rad1 Qe8 13. Bd6 h6 14. c5 g5 15. Bc4+ Kh8 16. Be6 Ng6 17. Bxf8 Bxf8 18. Bxd7 Bxd7 19. Ne1 Nh4 20. Qd3 Bg4 21. f3 Bxc5+ 22. Kh1 Be6 23. Na4 Be7 24. Qc3 Bf6 25. g3 fxg3 26. hxg3 Ng6 27. Kg2 Bh3+ 28. Kxh3 Nf4+ 29. gxf4 Qh5+ 30. Kg2 gxf4 31. Rg1 Rg8+ 32. Kf1 Qh3+ 33. Ng2 Rxg2 34. Rxg2 Qh1+ 35. Rg1 Qh3+ 36. Ke2 1-0

[Event "POL-chT U19 2nd League"]
[Site "Chelm Lubelski"]
[Date "2010.07.12"]
[Round "9"]
[White "Kois, Przemyslaw"]
[Black "Mandera, Mateusz"]
[Result "1-0"]
[WhiteElo "1703"]
[BlackElo "1584"]
[PlyCount "47"]
[EventDate "2010.07.06"]
[EventType "team-tourn"]
[EventRounds "11"]
[EventCountry "POL"]
[SourceTitle "EXT 2011"]
[Source "ChessBase"]
[SourceDate "2010.11.26"]
[SourceVersion "1"]
[SourceVersionDate "2010.11.26"]
[SourceQuality "1"]
[WhiteTeam "Krosno KKSz Urania U19"]
[BlackTeam "Katowice UKS Palac Mlodziezy U19"]
[WhiteTeamCountry "POL"]
[BlackTeamCountry "POL"]

1. e4 e6 2. d4 d5 3. Nc3 Bb4 4. Bd3 Ne7 5. Nf3 c5 6. dxc5 Bxc5 7. 0-0 0-0 8. Bg5 f6 9. Bh4 d4 10. Na4 Qa5 11. Nxc5 Qxc5 12. e5 fxe5 13. Bxe7 Qxe7 14. Nxe5 Qf6 15. Qe2 Rd8 16. f4 Na6 17. Qe4 g6 18. Bxa6 Rb8 19. Bc4 Rd6 20. f5 Qg5 21. Nf7 Kxf7 22. fxg6+ Kg8 23. gxh7+ Kg7 24. Rf7+ 1-0